|
|
|
|
| LEADER |
00000nam0a2200000 4500 |
| 001 |
42261 |
| 005 |
20231031015212.0 |
| 010 |
|
|
|a 5801300554
|
| 035 |
|
|
|a (RuTPU)RU\TPU\book\43512
|
| 090 |
|
|
|a 42261
|
| 100 |
|
|
|a 20020828d1999 m y0rusy50 ca
|
| 101 |
0 |
|
|a rus
|
| 102 |
|
|
|a RU
|
| 105 |
|
|
|a y j 000zy
|
| 200 |
1 |
|
|a Политология
|e учебник
|f В. В. Ильин
|
| 205 |
|
|
|a 2-е изд., испр.
|
| 210 |
|
|
|a Москва
|c Университет
|d 1999
|
| 215 |
|
|
|a 540 с.
|
| 333 |
|
|
|a Исключено из фонда НТБ ТПУ
|
| 686 |
|
|
|a Ф011.6я73
|v LBC/SL-A
|2 rubbk
|
| 700 |
|
1 |
|a Ильин
|b В. В.
|
| 801 |
|
1 |
|a RU
|b 63413507
|c 20020828
|g PSBO
|
| 801 |
|
2 |
|a RU
|b 63413507
|c 20210720
|g PSBO
|
| 942 |
|
|
|c BK
|